000 00463nam a22001697a 4500
005 20221219170939.0
008 221219b |||||||| |||| 00| 0 eng d
020 _a978-93-5014-635-4
041 _aeng
082 _a624.1-RAO-P
100 _aRAO,Dr. Y.R.M., ANNIE , J.P. AND EASWARY,P.
_97399
245 _aPRESTRESSED CONCRETE ANALYSIS AND DESIGN
250 _a1st ed.
260 _aNEW DELHI
_bS.K. KATARIA & SONS
_c2021
300 _a430;P.
942 _cBK
999 _c8124
_d8122